00665nam a2200217Ia 4500003000900000008004100009040001600050080001500066100002800081245005800109250001200167260003500179300001700214490002300231650002000254650001900274650001600293942000700309999001500316952011600331IN-BaIIA211028s9999 xx 000 0 eng d cIIA Library a530.1bBRA aBraddick, H. J. J91953 4aThe Physics of experimental methodcH. J. J. Braddick a2nd ed. aLondonbChapman and Hallc1966 axxiii, 480p. aScience paperbacks aApplied Physics aNASA Thesaurus aPhysics973 cBK c4190d4190 00104070aBANbBANcGENd1973-04-21g28.50l0o530.1/ BRAp4679r2021-11-05v28.50w1973-04-21yBKGRs. 28.50